Survivor: Heroes vs. Healers vs. Hustlers Quiz Stats

 Plays Quiz not verified by Sporcle

Score 0/18 Timer 04:00
0 Plays Today
Hint Answer % Correct
5th place, 7th jurorMike Zahalsky
82%
2nd Runner-UpRyan Ulrich
82%
WinnerBen Driebergen
82%
4th place, 8th jurorDevon Pinto
82%
9th place, 3rd jurorJohn Paul 'JP' Hilsabeck
81.9%
7th place, 5th jurorLauren Rimmer
81.6%
Runner-UpChrissy Hofbeck
81.6%
6th place, 6th jurorAshley Nolan
81.6%
12th placeJessica Johnston
81.6%
Hint Answer % Correct
8th place, 4th jurorJoe Mena
81.6%
15th placeAlan Ball
81.5%
13th placeAlexandrea 'Ali' Elliott
81.5%
10th place, 2nd jurorCole Medders
81.5%
16th placePatrick Bolton
81.3%
14th placeRoark Luskin
81.2%
18th placeKatrina Radke
81.2%
11th place, 1st jurorDesiree 'Desi' Williams
80.9%
17th placeSimone Nguyen
80.7%

You're not logged in!

Compare scores with friends on all Sporcle quizzes.
OR
Log In

Sporcle TV

Today on Sporcle TV


Watch our educational content, quiz creation guides, and fun videos on Sporcle TV.

Show Comments

Extras

Top Quizzes Today


Score Distribution

Your Account Isn't Verified!

In order to create a playlist on Sporcle, you need to verify the email address you used during registration. Go to your Sporcle Settings to finish the process.

Report this User

Report this user for behavior that violates our Community Guidelines.

Details: